MARC details
| 000 -LEADER |
| campo de control de longitud fija |
00993nam a22002417a 4500 |
| 003 - IDENTIFICADOR DE NÚMERO DE CONTROL |
| campo de control |
OSt |
| 005 - FECHA Y HORA DE LA ÚLTIMA TRANSACCIÓN |
| campo de control |
20240716213834.0 |
| 008 - DATOS DE LONGITUD FIJA--INFORMACIÓN GENERAL |
| campo de control de longitud fija |
240716b |||||||| |||| 00| 0 eng d |
| 040 ## - FUENTE DE CATALOGACIÓN |
| Centro catalogador/agencia de origen |
CO-UdeC |
| Lengua de catalogación |
ESP |
| Centro/agencia transcriptor |
CO-UdeC |
| Centro/agencia modificador |
CO-UdeC |
| Normas de descripción |
AARC |
| 082 ## - NÚMERO DE LA CLASIFICACIÓN DECIMAL DEWEY |
| Número de clasificación |
861 |
| Número de ítem |
A325 |
| 100 10 - ENTRADA PRINCIPAL--NOMBRE DE PERSONA |
| Nombre de persona |
Alba, Laureano |
| 9 (RLIN) |
2621 |
| 245 10 - MENCIÓN DEL TÍTULO |
| Título |
Nueva poesía colombiana : |
| Resto del título |
A pesar de nuestros últimos muertos / |
| Mención de responsabilidad, etc. |
Laureano Alba, Alcaldía de Chiquinquirá. |
| 260 3# - PUBLICACIÓN, DISTRIBUCIÓN, ETC. |
| Lugar de publicación, distribución, etc. |
Boyacá : |
| Nombre del editor, distribuidor, etc. |
Alcaldía de Chiquinquirá, |
| Fecha de publicación, distribución, etc. |
1994. |
| 300 ## - DESCRIPCIÓN FÍSICA |
| Extensión |
182 p. ; |
| Dimensiones |
22 cm. |
| 490 0# - MENCIÓN DE SERIE |
| Mención de serie |
Biblioteca de autores chiquinquireños |
| 500 ## - NOTA GENERAL |
| Nota general |
Segundo Concurso Nacional de Poesía. "Ciudad de Chiquinquirá". Alcaldía Municipal. 1994 |
| 500 ## - NOTA GENERAL |
| Nota general |
Primer Puesto Compartido: A Pesar de nuestros últimos muertos. (Poemas 1979-1991). Seudónimo: Signo. |
| 650 14 - PUNTO DE ACCESO ADICIONAL DE MATERIA--TÉRMINO DE MATERIA |
| Término de materia o nombre geográfico como elemento de entrada |
Poesía colombiana |
| 9 (RLIN) |
1754 |
| 650 14 - PUNTO DE ACCESO ADICIONAL DE MATERIA--TÉRMINO DE MATERIA |
| Término de materia o nombre geográfico como elemento de entrada |
Literatura colombiana |
| 9 (RLIN) |
269 |
| 651 #4 - PUNTO DE ACCESO ADICIONAL DE MATERIA--NOMBRE GEOGRÁFICO |
| Nombre geográfico |
Chiquinquirá |
| 9 (RLIN) |
2623 |
| Subdivisión geográfica |
Colombia |
| 710 1# - ENTRADA AGREGADA--NOMBRE DE ENTIDAD CORPORATIVA |
| Nombre de entidad corporativa o nombre de jurisdicción como elemento de entrada |
Alcaldía de Chiquinquirá |
| 9 (RLIN) |
2622 |
| 942 ## - ELEMENTOS DE ENTRADA SECUNDARIOS (KOHA) |
| Fuente del sistema de clasificación o colocación |
Clasificación Decimal Dewey |
| Tipo de ítem Koha |
Libros |
| Parte de la signatura que corresponde a la clasificación (Parte de la clasificación) |
861 A325 |
| Suprimir en OPAC |
No |